Design of sanitary and stormwater sewer network in an urbanized area

Na minha lista:
Detalhes bibliográficos
Autor principal: Mészáros, Bence (Author)
Outros Autores: Hrudka, Jaroslav (Thesis advisor)
Formato: Manuscrito Livro
Idioma:eslovaco
inglês
Publicado em: 2025
Assuntos:
Acesso em linha:http://is.stuba.sk/zp/portal_zp.pl?podrobnosti=194395
CRZP
Tags: Adicionar Tag
Sem tags, seja o primeiro a adicionar uma tag!

MARC

LEADER 00000ntm a22000003a 4500
001 stuzp105183
003 SK-STU
005 20250729141035.2
007 ta
008 150427s2015----xo-----f-mn---000-0-slo-d
040 |a STU  |b slo 
041 0 |a eng 
100 1 |a Mészáros, Bence  |u 010280  |4 aut  |U SvF Stavebná fakulta  |T SvF Katedra zdravotného inžinierstva  |X 115269  |U V280  |Y 29  |7 115269 
242 0 1 |a Návrh splaškovej a dažďovej kanalizačnej siete v urbanizovanej oblasti  |y slo 
245 1 0 |a Design of sanitary and stormwater sewer network in an urbanized area 
260 |c 2025 
650 4 |a Šachta  |2 slo 
650 4 |a Kanalizácia  |2 slo 
650 4 |a Potrubie  |2 slo 
650 4 |a Manhole  |2 eng 
650 4 |a Sewer System  |2 eng 
650 4 |a Pipes  |2 eng 
700 1 |a Hrudka, Jaroslav  |u 010280  |k Z1  |4 ths  |U SvF Stavebná fakulta  |T SvF Katedra zdravotného inžinierstva  |X 50522  |U V280  |Y 29  |7 A000050522 
856 4 |u http://is.stuba.sk/zp/portal_zp.pl?podrobnosti=194395 
856 4 |u https://opac.crzp.sk/?fn=detailBiblioForm&sid=4013D2F8FE5692F459CD2E4F6B33  |z CRZP